[Event "Wch Blitz (Women)"]
[Site "Samarkand"]
[Date "2023.12.30"]
[Round "14"]
[White "Kosteniuk, Alexandra"]
[Black "Munkhzul, Turmunkh"]
[Result "1-0"]
[WhiteElo "2501"]
[BlackElo "2258"]
[PlyCount "91"]
[EventDate "2023.12.29"]
[EventType "swiss (blitz)"]
[EventRounds "17"]
[EventCountry "UZB"]
[SourceTitle "CB01_2024"]
[SourceDate "2024.01.03"]
[SourceVersion "1"]
[SourceVersionDate "2024.01.03"]
[SourceQuality "1"]

1. e4 c5 2. d4 cxd4 3. Qxd4 Nc6 4. Qd3 Nf6 5. Nc3 d6 6. Nf3 e5 7. Bg5 Be6 8. 0-0-0 a6 9. Nd5 Bxd5 10. exd5 Nb8 11. Qb3 Qc7 12. Bxf6 gxf6 13. Nh4 Nd7 14. Nf5 Rg8 15. h4 Rc8 16. Kb1 Nc5 17. Qe3 Rg4 18. c4 Re4 19. Qa3 Rf4 20. Ng3 Rxf2 21. Qe3 Rf4 22. Nh5 Bh6 23. Nxf4 Bxf4 24. Qe2 Qb6 25. Rh3 Ke7 26. g3 Bh6 27. g4 Bf4 28. Rf3 Kf8 29. Qc2 Kg7 30. g5 fxg5 31. hxg5 Qd8 32. Rh3 e4 33. Qc3+ Be5 34. Qd2 Qd7 35. Bg2 Qf5 36. Rdh1 e3+ 37. Qc2 Qxc2+ 38. Kxc2 Kg6 39. Rxe3 a5 40. Reh3 Rh8 41. Bf3 Kg7 42. Bg4 h5 43. gxh6+ Kg6 44. Bh5+ Kh7 45. Bxf7 Rf8 46. Rf3 1-0

[Event "Wch Blitz (Women)"]
[Site "Samarkand"]
[Date "2023.12.29"]
[Round "8"]
[White "Munkhzul, Turmunkh"]
[Black "Shuvalova, Polina"]
[Result "1-0"]
[WhiteElo "2258"]
[BlackElo "2475"]
[PlyCount "79"]
[EventDate "2023.12.29"]
[EventType "swiss (blitz)"]
[EventRounds "17"]
[EventCountry "UZB"]
[SourceTitle "CB01_2024"]
[SourceDate "2024.01.03"]
[SourceVersion "1"]
[SourceVersionDate "2024.01.03"]
[SourceQuality "1"]

1. e4 c6 2. d4 d5 3. e5 Bf5 4. h4 h5 5. c4 e6 6. Nc3 Bb4 7. Nf3 Ne7 8. a3 Bxc3+ 9. bxc3 Qa5 10. Qb3 Nd7 11. Bd2 Rb8 12. cxd5 cxd5 13. c4 Qd8 14. cxd5 Nxd5 15. Bb5 0-0 16. 0-0 a6 17. Bd3 Qb6 18. Bb4 Bxd3 19. Qxd3 Nxb4 20. axb4 g6 21. Rfb1 Rfd8 22. Qe3 Rdc8 23. Ng5 Qd8 24. Rc1 Qe7 25. Qf3 Nb6 26. Rc5 Nd5 27. Rac1 Rxc5 28. bxc5 b5 29. cxb6 Rxb6 30. g3 Rb8 31. Ne4 Kg7 32. Nd6 a5 33. Qa3 Qa7 34. Rc5 a4 35. Rc4 Ra8 36. Rb4 Qa5 37. Rb7 Rf8 38. Qf3 Qe1+ 39. Kg2 Kg8 40. Rxf7 1-0

[Event "Wch Blitz (Women)"]
[Site "Samarkand"]
[Date "2023.12.29"]
[Round "2"]
[White "Munkhzul, Turmunkh"]
[Black "Zhu, Jiner"]
[Result "0-1"]
[WhiteElo "2258"]
[BlackElo "2467"]
[PlyCount "93"]
[EventDate "2023.12.29"]
[EventType "swiss (blitz)"]
[EventRounds "17"]
[EventCountry "UZB"]
[SourceTitle "CB01_2024"]
[SourceDate "2024.01.03"]
[SourceVersion "1"]
[SourceVersionDate "2024.01.03"]
[SourceQuality "1"]

1. e4 c5 2. Nf3 d6 3. d4 cxd4 4. Nxd4 Nf6 5. Nc3 a6 6. Be3 e5 7. Nb3 Be6 8. f3 h5 9. Qd2 Nbd7 10. Nd5 Bxd5 11. exd5 g6 12. Na5 Qc7 13. c4 Bg7 14. Be2 e4 15. 0-0 exf3 16. Bxf3 0-0 17. Bd4 Ne5 18. b4 Nfd7 19. Be2 b6 20. Nc6 Rae8 21. Bxe5 Nxe5 22. Nxe5 Rxe5 23. Rae1 Rfe8 24. Bd3 Qe7 25. Rxe5 Qxe5 26. Qf2 f5 27. Qf3 Qd4+ 28. Kh1 Re3 29. Qd1 Qxd3 30. Qc1 Qe4 31. c5 Re2 32. Rg1 bxc5 33. bxc5 Qxd5 34. c6 Re8 35. c7 Rc8 36. Qb1 Qb5 37. Qc2 Qc5 38. Qb3+ Kh7 39. Qa4 Rxc7 40. Qxa6 Ra7 41. Qe2 Qe5 42. Qf2 Rb7 43. Re1 Qd4 44. Qf3 Rb2 45. Rd1 Rd2 46. Re1 Rxa2 47. h3 0-1

[Event "Wch Rapid (Women)"]
[Site "Samarkand"]
[Date "2023.12.28"]
[Round "11"]
[White "Munkhzul, Turmunkh"]
[Black "Kosteniuk, Alexandra"]
[Result "1-0"]
[WhiteElo "2258"]
[BlackElo "2501"]
[PlyCount "73"]
[EventDate "2023.12.26"]
[EventType "swiss (rapid)"]
[EventRounds "11"]
[EventCountry "UZB"]
[SourceTitle "CB01_2024"]
[SourceDate "2024.01.03"]
[SourceVersion "1"]
[SourceVersionDate "2024.01.03"]
[SourceQuality "1"]

1. e4 e5 2. Nf3 Nc6 3. Bb5 a6 4. Bxc6 dxc6 5. Nc3 Qf6 6. d4 exd4 7. Qxd4 Qxd4 8. Nxd4 Bd7 9. Be3 0-0-0 10. f3 Ne7 11. Rd1 c5 12. Nde2 Nc6 13. Kf2 Bd6 14. Nd5 f5 15. Ng3 Bxg3+ 16. Kxg3 fxe4 17. fxe4 Rde8 18. Bxc5 Rxe4 19. h3 Rc4 20. Bd6 Rxc2 21. Nxc7 Rxb2 22. Rhf1 Rxa2 23. Rf7 Nd8 24. Rxg7 Bc6 25. Na8 Rxg2+ 26. Kh4 Ne6 27. Nb6+ Kd8 28. Be5+ Ke8 29. Rxg2 Rf8 30. Rgg1 Rf5 31. Nc4 Ke7 32. Bd6+ Kf6 33. Rdf1 Nd4 34. Be5+ Ke6 35. Bxd4 Rxf1 36. Rxf1 Kd5 37. Na5 1-0

[Event "Wch Rapid (Women)"]
[Site "Samarkand"]
[Date "2023.12.27"]
[Round "8"]
[White "Munkhzul, Turmunkh"]
[Black "Injac, Teodora"]
[Result "1-0"]
[WhiteElo "2258"]
[BlackElo "2447"]
[PlyCount "119"]
[EventDate "2023.12.26"]
[EventType "swiss (rapid)"]
[EventRounds "11"]
[EventCountry "UZB"]
[SourceTitle "CB01_2024"]
[SourceDate "2024.01.03"]
[SourceVersion "1"]
[SourceVersionDate "2024.01.03"]
[SourceQuality "1"]

1. e4 e5 2. Nf3 Nc6 3. Bb5 Nf6 4. 0-0 Nxe4 5. Re1 Nd6 6. Nxe5 Be7 7. Bf1 Nxe5 8. Rxe5 0-0 9. d4 Bf6 10. Re1 Nf5 11. c3 d5 12. Bf4 c6 13. Nd2 Bg5 14. Bxg5 Qxg5 15. Nf3 Qf6 16. Ne5 Nd6 17. Bd3 Bf5 18. Qf3 Rfe8 19. Bxf5 Qxf5 20. Qxf5 Nxf5 21. f3 f6 22. Nd3 Kf7 23. Kf2 h5 24. Nc5 b6 25. Nd3 g5 26. Nb4 Rxe1 27. Rxe1 Rc8 28. Rd1 a5 29. Nc2 Re8 30. Re1 Rxe1 31. Nxe1 Ke6 32. Nd3 Kd6 33. g3 c5 34. dxc5+ bxc5 35. Ke2 c4 36. Nf2 Ke5 37. Nh3 d4 38. f4+ gxf4 39. Nxf4 Ng7 40. Kd2 Ke4 41. cxd4 Kxd4 42. Ne2+ Ke4 43. Kc3 Kd5 44. Nf4+ Kc5 45. a4 f5 46. h3 Ne8 47. Nxh5 Nd6 48. Nf6 Nf7 49. h4 Nh6 50. h5 Nf7 51. Ng8 Ne5 52. Ne7 Ng4 53. Nxf5 Nf6 54. h6 Ne4+ 55. Kc2 Ng5 56. Nh4 Kb4 57. Nf3 Nf7 58. h7 Nh8 59. g4 Kxa4 60. g5 1-0

[Event "Ugra-Mongolia (Women) m"]
[Site "Khanty-Mansiysk"]
[Date "2023.12.12"]
[Round "4.5"]
[White "Munkhzul, Turmunkh"]
[Black "Alekseenko, Mariya"]
[Result "1-0"]
[WhiteElo "2258"]
[BlackElo "1970"]
[PlyCount "79"]
[EventDate "2023.12.11"]
[EventType "schev (rapid)"]
[EventRounds "6"]
[EventCountry "RUS"]
[SourceTitle "CB51_2023"]
[SourceDate "2023.12.20"]
[SourceVersion "1"]
[SourceVersionDate "2023.12.20"]
[SourceQuality "1"]
[WhiteTeam "Mongolia"]
[BlackTeam "Ugra"]
[WhiteTeamCountry "MGL"]
[BlackTeamCountry "RUS"]

1. e4 c5 2. Nf3 e6 3. d4 cxd4 4. Nxd4 Nf6 5. Nc3 Nc6 6. Ndb5 d6 7. Bf4 e5 8. Bg5 a6 9. Na3 b5 10. Nd5 Be7 11. Bxf6 Bxf6 12. c3 0-0 13. Nc2 g6 14. a4 Rb8 15. axb5 axb5 16. Bd3 Be6 17. Nce3 Bg7 18. Ra6 Ne7 19. Be2 Nxd5 20. Nxd5 f5 21. Rxd6 Qxd6 22. Nf6+ Bxf6 23. Qxd6 Bc4 24. Bxc4+ bxc4 25. exf5 Rxb2 26. 0-0 gxf5 27. Qe6+ Kh8 28. Qxf5 e4 29. Qxe4 Bxc3 30. Qxc4 Bg7 31. f4 Rd2 32. f5 Bd4+ 33. Kh1 Rg8 34. g3 Bf6 35. Qe6 Kg7 36. Rc1 Rf8 37. Rc7+ Kh8 38. Rf7 Bg7 39. f6 Rxf7 40. Qxf7 1-0

[Event "Ugra-Mongolia (Women) m"]
[Site "Khanty-Mansiysk"]
[Date "2023.12.11"]
[Round "2.1"]
[White "Munkhzul, Turmunkh"]
[Black "Kovanova, Baira"]
[Result "1/2-1/2"]
[WhiteElo "2258"]
[BlackElo "2337"]
[PlyCount "53"]
[EventDate "2023.12.11"]
[EventType "schev (rapid)"]
[EventRounds "6"]
[EventCountry "RUS"]
[SourceTitle "CB51_2023"]
[SourceDate "2023.12.20"]
[SourceVersion "1"]
[SourceVersionDate "2023.12.20"]
[SourceQuality "1"]
[WhiteTeam "Mongolia"]
[BlackTeam "Ugra"]
[WhiteTeamCountry "MGL"]
[BlackTeamCountry "RUS"]

1. e4 e5 2. Nf3 Nc6 3. Bb5 a6 4. Bxc6 dxc6 5. d4 exd4 6. Qxd4 Qxd4 7. Nxd4 Bd7 8. Be3 0-0-0 9. Nd2 Re8 10. f3 f5 11. Kf2 fxe4 12. Nxe4 Ne7 13. Rhe1 Nd5 14. Bd2 c5 15. Ne2 Be7 16. Nf4 Nb6 17. Bc3 Rhg8 18. b3 Bc6 19. Kg1 c4 20. Bd4 cxb3 21. axb3 Nd5 22. Nxd5 Bxd5 23. Nc5 Bxc5 24. Bxc5 Bc6 25. Kf2 Rxe1 26. Rxe1 Re8 27. Bd4 1/2-1/2

[Event "Ugra-Mongolia (Women) m"]
[Site "Khanty-Mansiysk"]
[Date "2023.12.11"]
[Round "3.6"]
[White "Nikolaeva, Daria S"]
[Black "Munkhzul, Turmunkh"]
[Result "0-1"]
[WhiteElo "1364"]
[BlackElo "2258"]
[PlyCount "132"]
[EventDate "2023.12.11"]
[EventType "schev (rapid)"]
[EventRounds "6"]
[EventCountry "RUS"]
[SourceTitle "CB51_2023"]
[SourceDate "2023.12.20"]
[SourceVersion "1"]
[SourceVersionDate "2023.12.20"]
[SourceQuality "1"]
[WhiteTeam "Ugra"]
[BlackTeam "Mongolia"]
[WhiteTeamCountry "RUS"]
[BlackTeamCountry "MGL"]

1. d4 Nf6 2. c4 e6 3. Nf3 d5 4. g3 Be7 5. Bg2 0-0 6. 0-0 dxc4 7. Qc2 a6 8. a4 Bd7 9. Qxc4 Bc6 10. Bf4 Bd6 11. Qc1 a5 12. Nc3 Na6 13. Rd1 h6 14. Qd2 Nb4 15. Rac1 Nbd5 16. Bxd6 cxd6 17. b3 Qb6 18. Nxd5 Bxd5 19. Rb1 Rac8 20. Rdc1 Be4 21. Rb2 Nd5 22. h4 Nb4 23. Ne1 Bxg2 24. Kxg2 Rxc1 25. Qxc1 Qxd4 26. Rd2 Qb6 27. Nf3 d5 28. Qc3 Qc6 29. Qxc6 bxc6 30. Nd4 Rb8 31. Rd1 c5 32. Nb5 Rc8 33. Rc1 Kf8 34. Kf3 Ke7 35. Ke3 e5 36. Kd2 Na6 37. e3 Ke6 38. Ke2 f5 39. Kd2 Rb8 40. Kc3 e4 41. Kd2 Ke5 42. Rb1 Nb4 43. Ke2 Nd3 44. f3 d4 45. f4+ Kd5 46. Nc7+ Kc6 47. Nb5 Rd8 48. Na3 Kb6 49. Nc4+ Ka6 50. Rd1 Rb8 51. Rb1 Nb4 52. Ne5 Nd5 53. Rb2 Nc3+ 54. Kd2 Nxa4 55. Ra2 dxe3+ 56. Kxe3 Rxb3+ 57. Kf2 Rb2+ 58. Rxb2 Nxb2 59. g4 fxg4 60. Nxg4 a4 61. Ne3 a3 62. Nc2 Nc4 63. Ke2 Kb5 64. Na1 Kb4 65. Kd1 Kc3 66. Kc1 e3 0-1

[Event "Asian Games tt (Women)"]
[Site "Hangzhou"]
[Date "2023.10.04"]
[Round "6.17"]
[White "Chuemsakul, Sarocha"]
[Black "Munkhzul, Turmunkh"]
[Result "0-1"]
[WhiteElo "1813"]
[BlackElo "2246"]
[PlyCount "126"]
[EventDate "2023.09.29"]
[EventType "team-tourn"]
[EventRounds "9"]
[EventCountry "CHN"]
[SourceTitle "EXT 2024"]
[Source "ChessBase"]
[SourceDate "2023.10.10"]
[SourceVersion "1"]
[SourceVersionDate "2023.10.10"]
[SourceQuality "1"]
[WhiteTeam "Thailand (W)"]
[BlackTeam "Mongolia (W)"]
[WhiteTeamCountry "THA"]
[BlackTeamCountry "MGL"]

1. Nf3 Nf6 2. g3 d5 3. Bg2 c6 4. c4 e6 5. Qc2 Be7 6. 0-0 0-0 7. d4 b6 8. cxd5 cxd5 9. Ne5 Bb7 10. Nc3 Nc6 11. Qa4 Nxe5 12. dxe5 Nd7 13. e4 Nc5 14. Qc2 dxe4 15. Rd1 Qc8 16. Qe2 Rd8 17. Rxd8+ Qxd8 18. Qg4 Qd4 19. Be3 Qxe5 20. Rd1 f5 21. Qh5 g6 22. Qh6 Rd8 23. Rxd8+ Bxd8 24. Ne2 Qg7 25. Qxg7+ Kxg7 26. Nd4 Bd5 27. b4 Nd3 28. b5 e5 29. Nc6 Bxc6 30. bxc6 Nb4 31. f3 exf3 32. Bxf3 e4 33. Bd4+ Kf8 34. Bd1 Nxc6 35. Bb2 Be7 36. Ba4 Bc5+ 37. Kg2 Nb4 38. Bb3 Nd3 39. Bf6 b5 40. Bd5 Ne1+ 41. Kf1 Nf3 42. Kg2 Bd4 43. Bd8 Bc3 44. g4 Ke8 45. Bc7 Kd7 46. Bb8 a5 47. Bg8 h5 48. gxf5 gxf5 49. Bh7 Ke6 50. Bg8+ Kf6 51. Kf2 Be5 52. Ba7 Bxh2 53. Ke2 Bg1 54. Bb8 h4 55. Bd5 h3 56. Kf1 Bd4 57. Bc7 Nd2+ 58. Ke2 Be5 59. Bd8+ Kg7 60. Kf2 f4 61. Bxa5 h2 62. Kg2 f3+ 63. Kh1 f2 0-1

[Event "Asian Games (Women)"]
[Site "Hangzhou"]
[Date "2023.09.25"]
[Round "3"]
[White "Vo, Thi Kim Phung"]
[Black "Munkhzul, Turmunkh"]
[Result "1-0"]
[WhiteElo "2348"]
[BlackElo "2246"]
[PlyCount "163"]
[EventDate "2023.09.24"]
[EventType "swiss (rapid)"]
[EventRounds "9"]
[EventCountry "CHN"]
[SourceTitle "EXT 2024"]
[Source "ChessBase"]
[SourceDate "2023.10.10"]
[SourceVersion "1"]
[SourceVersionDate "2023.10.10"]
[SourceQuality "1"]

1. d4 Nf6 2. c4 e6 3. Nc3 Bb4 4. Nf3 b6 5. e3 Bb7 6. Bd3 0-0 7. 0-0 d5 8. cxd5 exd5 9. Ne5 Nbd7 10. Nxd7 Qxd7 11. Ne2 Bd6 12. Ng3 Ne4 13. Qc2 Rfe8 14. a3 g6 15. b4 h5 16. Re1 h4 17. Nxe4 dxe4 18. Bc4 b5 19. Bb3 Qf5 20. Qe2 Bc8 21. f4 c6 22. Bd2 Be6 23. Bxe6 Qxe6 24. Rec1 Be7 25. h3 Red8 26. Be1 a6 27. a4 Kh7 28. Rc2 Rdc8 29. a5 Ra7 30. Rac1 Rac7 31. Qd2 Rd8 32. Qe2 f5 33. Rb1 Rd5 34. Bf2 Qf6 35. Kh1 Kg7 36. Bg1 Rc8 37. Qe1 Kf7 38. Bh2 Ke8 39. Rbc1 Kd7 40. Qc3 Qd6 41. Rb1 Bf6 42. Qe1 Kc7 43. Rbc1 Kb7 44. Rb1 Be7 45. Qc3 Bf6 46. Qe1 Qe6 47. Rbc1 Be7 48. Rb1 Rd7 49. Rbc1 Qb3 50. Rc5 Bxc5 51. Rxc5 Rd5 52. Rc1 Rc7 53. Rb1 Qd3 54. Rd1 Qc2 55. Rc1 Qa2 56. Ra1 Qc4 57. Rc1 Qb3 58. Rb1 Qc4 59. Rc1 Qb3 60. Rb1 Qc4 61. Qxh4 Qd3 62. Qe1 Rd8 63. Rc1 Rh8 64. Rc3 Qxc3 65. Qxc3 Rhh7 66. Qc5 Rcd7 67. Qb6+ Kc8 68. Qxa6+ Kb8 69. Qb6+ Rb7 70. Qxc6 Rhc7 71. Qxg6 Rf7 72. a6 Rbc7 73. Qb6+ Ka8 74. Qxb5 Ka7 75. Bg1 Rc2 76. Qe5 Rcc7 77. b5 Kb6 78. Qd5 Ka7 79. Qe6 Rce7 80. Qc6 Rg7 81. Qc5+ Ka8 82. b6 1-0

[Event "Asian Continental (Women) op 20th"]
[Site "Almaty"]
[Date "2023.06.07"]
[Round "5"]
[White "Kamalidenova, Meruert"]
[Black "Munkhzul, Turmunkh"]
[Result "1/2-1/2"]
[WhiteElo "2350"]
[BlackElo "2259"]
[PlyCount "87"]
[EventDate "2023.06.04"]
[EventType "swiss"]
[EventRounds "9"]
[EventCountry "KAZ"]
[SourceTitle "CBM 214 Extra"]
[Source "ChessBase"]
[SourceDate "2023.07.31"]
[SourceVersion "1"]
[SourceVersionDate "2023.07.31"]
[SourceQuality "1"]

1. e4 e5 2. Nf3 Nf6 3. d4 Nxe4 4. dxe5 d5 5. Nbd2 Nxd2 6. Bxd2 Be7 7. Bd3 c5 8. c3 Nc6 9. h3 0-0 10. 0-0 Be6 11. Re1 Re8 12. Bc2 b5 13. a4 b4 14. cxb4 c4 15. b5 Nb4 16. Be3 a6 17. bxa6 Rxa6 18. Nd4 Bd7 19. Bd2 Nxc2 20. Qxc2 Bc5 21. Bc3 Rg6 22. Re3 Qg5 23. Rg3 Qf4 24. Rxg6 hxg6 25. e6 Bxe6 26. Nxe6 Rxe6 27. a5 Ba7 28. Re1 Rxe1+ 29. Bxe1 Qe5 30. Bb4 Qb8 31. Be1 Qe8 32. Kf1 Qb5 33. Kg1 d4 34. Qe2 Qd5 35. Bb4 d3 36. Qe1 Bd4 37. a6 Qb5 38. Qe7 Qb6 39. Be1 Qxb2 40. a7 Bxa7 41. Qd8+ Kh7 42. Qh4+ Kg8 43. Qd8+ Kh7 44. Qh4+ 1/2-1/2

[Event "Asian Continental (Women) op 20th"]
[Site "Almaty"]
[Date "2023.06.06"]
[Round "3"]
[White "Balabayeva, Kseniya"]
[Black "Munkhzul, Turmunkh"]
[Result "1/2-1/2"]
[WhiteElo "2186"]
[BlackElo "2259"]
[PlyCount "145"]
[EventDate "2023.06.04"]
[EventType "swiss"]
[EventRounds "9"]
[EventCountry "KAZ"]
[SourceTitle "CBM 214 Extra"]
[Source "ChessBase"]
[SourceDate "2023.07.31"]
[SourceVersion "1"]
[SourceVersionDate "2023.07.31"]
[SourceQuality "1"]

1. d4 Nf6 2. Bf4 g6 3. Nf3 Bg7 4. e3 0-0 5. h3 d6 6. Be2 c5 7. c3 Qb6 8. Qc1 Nc6 9. Nbd2 Be6 10. Ng5 Bd7 11. Nc4 Qd8 12. dxc5 dxc5 13. Nf3 b5 14. Nce5 Qb6 15. 0-0 Rfd8 16. Nxd7 Nxd7 17. Qc2 e5 18. Bg3 c4 19. Bh4 Re8 20. a4 Rab8 21. axb5 Qxb5 22. b4 a5 23. bxa5 Nxa5 24. Nd2 Nb7 25. Nxc4 Qc6 26. Rfd1 Ndc5 27. Bf3 e4 28. Be2 Nd3 29. Bxd3 exd3 30. Qxd3 Re4 31. Bg3 Rd8 32. Na5 Qe8 33. Qa6 Nxa5 34. Qxa5 Rc8 35. Rac1 Ra4 36. Qd5 Rac4 37. Qd7 Qxd7 38. Rxd7 Rxc3 39. Rxc3 Bxc3 40. Bf4 h5 41. g4 hxg4 42. hxg4 Re8 43. Kg2 Kg7 44. Rd5 Kg8 45. Kf3 Ra8 46. Bd6 Rd8 47. e4 Bg7 48. g5 Rc8 49. Be7 Bf8 50. Bf6 Bg7 51. Kf4 Bf8 52. f3 Ra8 53. Rd7 Rb8 54. Kg4 Re8 55. e5 Rb8 56. f4 Ra8 57. Rd3 Bg7 58. f5 Ra4+ 59. Kf3 Ra8 60. fxg6 fxg6 61. Rd7 Ra3+ 62. Ke2 Ra2+ 63. Kd1 Ra1+ 64. Kc2 Bxf6 65. exf6 Ra2+ 66. Kb3 Rf2 67. Kc3 Rf5 68. Rg7+ Kh8 69. Rxg6 Kh7 70. Rg7+ Kh8 71. Rg6 Kh7 72. Rg7+ Kh8 73. Rg6 1/2-1/2

[Event "Asian Continental (Women) op 20th"]
[Site "Almaty"]
[Date "2023.06.05"]
[Round "2"]
[White "Munkhzul, Turmunkh"]
[Black "Rouda Essa, Alserkal"]
[Result "1-0"]
[WhiteElo "2259"]
[BlackElo "1779"]
[PlyCount "60"]
[EventDate "2023.06.04"]
[EventType "swiss"]
[EventRounds "9"]
[EventCountry "KAZ"]
[SourceTitle "CBM 214 Extra"]
[Source "ChessBase"]
[SourceDate "2023.07.31"]
[SourceVersion "1"]
[SourceVersionDate "2023.07.31"]
[SourceQuality "1"]

1. e4 c5 2. Nf3 Nc6 3. Bb5 e6 4. 0-0 Nge7 5. Re1 Ng6 6. c3 a6 7. Bxc6 bxc6 8. d4 cxd4 9. cxd4 d5 10. Qc2 Bd7 11. Bg5 f6 12. Bd2 dxe4 13. Qxe4 Bd6 14. d5 cxd5 15. Qxd5 Be7 16. Qc4 e5 17. Nc3 Nf8 18. Nd5 Bd6 19. Bb4 Rc8 20. Qxa6 Bxb4 21. Nxb4 Ne6 22. Red1 0-0 23. Nd5 Qe8 24. b4 e4 25. Ne1 Bb5 26. Qxc8 Qxc8 27. Ne7+ Kf7 28. Nxc8 Rxc8 29. a4 Be8 30. b5 Ra8 1-0

[Event "Asian Continental blitz (Women) op 20th"]
[Site "Almaty"]
[Date "2023.06.03"]
[Round "3"]
[White "Khamdamova, Afruza"]
[Black "Munkhzul, Turmunkh"]
[Result "1-0"]
[WhiteElo "2162"]
[BlackElo "2318"]
[PlyCount "115"]
[EventDate "2023.06.03"]
[EventType "swiss (blitz)"]
[EventRounds "9"]
[EventCountry "KAZ"]
[SourceTitle "CBM 214 Extra"]
[Source "ChessBase"]
[SourceDate "2023.07.31"]
[SourceVersion "1"]
[SourceVersionDate "2023.07.31"]
[SourceQuality "1"]

1. e4 c5 2. Nf3 d6 3. d4 cxd4 4. Nxd4 Nf6 5. Nc3 a6 6. Be2 e5 7. Nb3 Be7 8. 0-0 0-0 9. Kh1 Nc6 10. f4 exf4 11. Bxf4 Be6 12. Nd4 Bd7 13. Nf5 Bxf5 14. exf5 d5 15. Bf3 d4 16. Ne4 Nxe4 17. Bxe4 Bf6 18. Qd2 Re8 19. Rae1 Rc8 20. Bf3 Qd7 21. Be4 Re7 22. Bd3 Rce8 23. Rxe7 Qxe7 24. Bg3 Bg5 25. Qd1 Qf6 26. Re1 Be3 27. Qf3 h6 28. c3 Re7 29. Bc2 Bd2 30. Rxe7 Qxe7 31. cxd4 Nxd4 32. Qd3 Nxc2 33. Qxd2 Nb4 34. Bd6 Qd7 35. Qxb4 Qxf5 36. h3 a5 37. Qc5 Qb1+ 38. Kh2 Qxb2 39. Qc8+ Kh7 40. Qf5+ Kg8 41. Qxa5 b6 42. Qa6 Qd4 43. Bg3 h5 44. Qc8+ Kh7 45. Qf5+ Kg8 46. Qxh5 Qd2 47. a4 Qb4 48. Qb5 Qd4 49. Bc7 f5 50. Bxb6 Qf4+ 51. Kh1 Qc1+ 52. Bg1 f4 53. Qd5+ Kh8 54. a5 Qa1 55. Qa8+ Kh7 56. a6 f3 57. a7 fxg2+ 58. Qxg2 1-0

[Event "Asian Continental blitz (Women) op 20th"]
[Site "Almaty"]
[Date "2023.06.03"]
[Round "5"]
[White "Serikbay, Assel"]
[Black "Munkhzul, Turmunkh"]
[Result "0-1"]
[WhiteElo "2144"]
[BlackElo "2318"]
[PlyCount "91"]
[EventDate "2023.06.03"]
[EventType "swiss (blitz)"]
[EventRounds "9"]
[EventCountry "KAZ"]
[SourceTitle "CBM 214 Extra"]
[Source "ChessBase"]
[SourceDate "2023.07.31"]
[SourceVersion "1"]
[SourceVersionDate "2023.07.31"]
[SourceQuality "1"]

1. d4 f5 2. c4 Nf6 3. g3 g6 4. Bg2 Bg7 5. Nf3 0-0 6. Nc3 d6 7. d5 a5 8. 0-0 c6 9. Nd4 Qb6 10. Na4 Qc7 11. Nc3 Qb6 12. Rb1 Bd7 13. Be3 Qc7 14. Qc2 Na6 15. a3 Ng4 16. Rfd1 Nxe3 17. fxe3 Bh6 18. e4 f4 19. b4 axb4 20. axb4 fxg3 21. hxg3 Rf7 22. b5 cxb5 23. cxb5 Nc5 24. b6 Qc8 25. Ncb5 Bh3 26. Ne6 Bxe6 27. dxe6 Qxe6 28. Nc7 Qg4 29. Rf1 Raf8 30. Qc4 Kg7 31. Qc3+ e5 32. Rf3 Nxe4 33. Qd3 Nd2 34. Rxf7+ Rxf7 35. Ne8+ Kh8 36. Rc1 Ne4 37. Rc7 Rxc7 38. bxc7 Nc5 39. Qf3 Qd7 40. Nf6 Qxc7 41. Nd5 Qd7 42. Qf6+ Bg7 43. Qf3 b5 44. Qa3 Qf7 45. Qa8+ Bf8 46. Qc6 0-1

[Event "MGL-ch"]
[Site "Ulaanbaatar"]
[Date "2023.05.23"]
[Round "4"]
[White "Erdene, Ganzorig"]
[Black "Munkhzul, Turmunkh"]
[Result "1/2-1/2"]
[WhiteElo "2278"]
[BlackElo "2318"]
[PlyCount "117"]
[EventDate "2023.05.20"]
[EventType "tourn"]
[EventRounds "11"]
[EventCountry "MGL"]
[EventCategory "1"]
[SourceTitle "CBM 214 Extra"]
[Source "ChessBase"]
[SourceDate "2023.07.31"]
[SourceVersion "1"]
[SourceVersionDate "2023.07.31"]
[SourceQuality "1"]

1. d4 Nf6 2. Nf3 e6 3. c4 d5 4. Nc3 c6 5. cxd5 exd5 6. Bg5 Be7 7. Qc2 0-0 8. e3 h6 9. Bh4 Ne4 10. Bxe7 Qxe7 11. Bd3 Re8 12. 0-0 Nd7 13. Rae1 Nf8 14. b4 a6 15. a4 Bf5 16. Rb1 Rac8 17. Ne5 f6 18. Nf3 Bg6 19. Rfc1 Bh5 20. Nxe4 dxe4 21. Bc4+ Kh8 22. Nd2 f5 23. Bf1 Ng6 24. Qc5 Qg5 25. Qd6 Rcd8 26. Qg3 Qf6 27. Rc5 Nf8 28. Rbc1 Nd7 29. R5c2 Bg6 30. Qc7 f4 31. Qxb7 fxe3 32. fxe3 Qg5 33. Re1 Nf6 34. Rc5 Bf5 35. Qxa6 Nd5 36. Qe2 Nxb4 37. Qf2 Rf8 38. Qg3 Qf6 39. Nc4 Rd5 40. Rb1 Rxc5 41. dxc5 Nd3 42. a5 Qc3 43. Qd6 Rf6 44. Qb8+ Kh7 45. Qb3 Qxb3 46. Rxb3 Nxc5 47. Ra3 Bc8 48. Nd2 Rd6 49. Rc3 Rd5 50. Rc4 Nb7 51. Rxc6 Nxa5 52. Rxc8 Rxd2 53. Re8 Nb3 54. Rxe4 Rd1 55. Rf4 Nd2 56. g3 Re1 57. Rf2 Nxf1 58. Rxf1 Rxe3 59. Kg2 1/2-1/2

[Event "MGL-ch"]
[Site "Ulaanbaatar"]
[Date "2023.05.21"]
[Round "2"]
[White "Munkhzul, Turmunkh"]
[Black "Amilal, Munkhdalai"]
[Result "0-1"]
[WhiteElo "2318"]
[BlackElo "2141"]
[PlyCount "72"]
[EventDate "2023.05.20"]
[EventType "tourn"]
[EventRounds "11"]
[EventCountry "MGL"]
[EventCategory "1"]
[SourceTitle "CBM 214 Extra"]
[Source "ChessBase"]
[SourceDate "2023.07.31"]
[SourceVersion "1"]
[SourceVersionDate "2023.07.31"]
[SourceQuality "1"]

1. e4 c5 2. Nf3 Nc6 3. d4 cxd4 4. Nxd4 Qc7 5. c4 Nf6 6. Nc3 Nxe4 7. Nxe4 Qe5 8. Nb5 Qxe4+ 9. Be2 Qe5 10. f4 Qb8 11. 0-0 a6 12. Nc3 e6 13. Be3 Qc7 14. Na4 d6 15. Bb6 Qe7 16. Qd2 Bd7 17. Nc3 g6 18. Rad1 f5 19. Bf3 Qf7 20. Rfe1 Be7 21. Nd5 exd5 22. Bxd5 Qf6 23. c5 dxc5 24. Bxc5 0-0-0 25. Rxe7 Nxe7 26. Bd4 Qd6 27. Bxh8 Qxd5 28. Qe1 Qe4 29. Qa5 Nc6 30. Qc3 Qxf4 31. Bf6 Re8 32. Bd4 Qg4 33. Rc1 Be6 34. Qc5 Rd8 35. Be3 Bd5 36. Qc2 Be4 0-1

[Event "Asia zt 3.3"]
[Site "Jakarta"]
[Date "2023.05.06"]
[Round "1"]
[White "Munkhzul, Turmunkh"]
[Black "Tran, Tuan Minh"]
[Result "0-1"]
[WhiteElo "2318"]
[BlackElo "2503"]
[PlyCount "76"]
[EventDate "2023.05.06"]
[EventType "swiss"]
[EventRounds "9"]
[EventCountry "INA"]
[SourceTitle "CBM 214 Extra"]
[Source "ChessBase"]
[SourceDate "2023.07.31"]
[SourceVersion "1"]
[SourceVersionDate "2023.07.31"]
[SourceQuality "1"]

1. e4 c5 2. Nf3 d6 3. d4 cxd4 4. Nxd4 Nf6 5. Nc3 a6 6. Be2 e5 7. Nb3 Be7 8. 0-0 0-0 9. Be3 Be6 10. Qd2 Nbd7 11. a4 Rc8 12. a5 Rc6 13. Rfd1 Qc7 14. Bf3 Rc8 15. Qe1 h6 16. Nc1 Qd8 17. h3 Qf8 18. N1e2 Bd8 19. Rd2 b6 20. axb6 Nxb6 21. Bxb6 Bxb6 22. Nd5 Bxd5 23. exd5 Rxc2 24. Rxa6 Rxd2 25. Qxd2 Rb8 26. Qc2 Qe7 27. Ng3 g6 28. Qc6 Bc5 29. Ra8 Qd8 30. Ra2 Kg7 31. b3 Rxb3 32. Kh2 h5 33. Nf1 e4 34. Bd1 Rb1 35. Qa4 Nxd5 36. Qc2 Rb4 37. Ng3 Qf6 38. Nxe4 Qe5+ 0-1